000 00899nam a22002297a 4500
005 20250820160420.0
008 250820b |||||||| |||| 00| 0 eng d
020 _a978-93-5391-322-9 (hbk)
037 _cTB
040 _aCRL
_cCRL
041 _2hin
_ahin
084 _aO152,1NUDx Q9
_qCRL
100 _aनारायण, उदय 'उदय'
_9818249
245 _aउदयांजलि
260 _aकानपुर, भारत:
_bडॉ. उदय नारायण 'उदय',
_c2019.
300 _a96पृ.
365 _b150.00
_cINR
650 _aहिन्दी साहित्य
650 _aहिन्दी कविता
942 _2CC
_cTB
_hO152,1NUDx Q9
_n0
999 _c1434813
_d1434813